000 00289nam a2200097Ia 4500
008 231107s2011 xx 000 0 und d
041 _aeng
100 _aJulian Fernando
245 _aSketching & Rendering : Techniques for Product Designers
260 _aSingapore
_bBasheer Graphic Book
_c2011
999 _c928678
_d928678